|
|
|
|
| LEADER |
00000nam0a2200000 4500 |
| 001 |
33674 |
| 005 |
20231101210200.0 |
| 035 |
|
|
|a (RuTPU)RU\TPU\book\34035
|
| 035 |
|
|
|a BOOK00000686
|
| 090 |
|
|
|a 33674
|
| 100 |
|
|
|a 20011210d1984 m y0rusy50 ca
|
| 101 |
0 |
|
|a rus
|
| 102 |
|
|
|a RU
|
| 105 |
|
|
|a y j 000zy
|
| 200 |
1 |
|
|a Теоретические основы электротехники. Электрические цепи
|e учебное пособие
|f Л. А. Бессонов
|
| 205 |
|
|
|a 8-е изд., перераб. и доп.
|
| 210 |
|
|
|a Москва
|c Высшая школа
|d 1984
|
| 215 |
|
|
|a 588 с.
|
| 451 |
|
1 |
|0 (RuTPU)RU\TPU\book\2584
|y 5-06-002160-2
|t Теоретические основы электротехники. Электрические цепи
|o учебник
|f Л. А. Бессонов
|e 9-е изд., перераб. и доп.
|c Москва
|n Высшая школа
|d 1996
|p 638 с.
|a Бессонов, Лев Алексеевич
|
| 451 |
|
1 |
|0 (RuTPU)RU\TPU\book\34607
|t Теоретические основы электротехники: Электрические цепи
|o учебное пособие
|f Л. А. Бессонов
|e 7-е изд., перераб. и доп.
|c Москва
|n Высшая школа
|d 1978
|p 528 с.
|a Бессонов, Лев Алексеевич
|
| 606 |
|
|
|a Электрические цепи
|2 stltpush
|3 (RuTPU)RU\TPU\subj\27742
|9 51444
|
| 606 |
|
|
|a Цепи электрические
|2 stltpush
|3 (RuTPU)RU\TPU\subj\18160
|9 43663
|
| 610 |
1 |
|
|a учебные пособия
|
| 610 |
1 |
|
|a линейные электрические цепи
|
| 610 |
1 |
|
|a нелинейные электрические цепи
|
| 610 |
1 |
|
|a теория
|
| 610 |
1 |
|
|a методы расчета
|
| 610 |
1 |
|
|a теория
|
| 675 |
|
|
|a 621.3.01(075.8)
|v 3
|
| 675 |
|
|
|a 621.3.011.7(075.8)
|v 3
|
| 700 |
|
1 |
|a Бессонов
|b Л. А.
|g Лев Алексеевич
|
| 801 |
|
0 |
|a RU
|b 63413507
|c 20011210
|g PSBO
|
| 801 |
|
2 |
|a RU
|b 63413507
|c 20210330
|g PSBO
|
| 900 |
|
|
|a Теоретические основы электротехники
|
| 900 |
|
|
|a Электротехника
|
| 900 |
|
|
|a Спецглавы электротехники
|
| 900 |
|
|
|a Основы теории электрических цепей
|
| 900 |
|
|
|a Теория автоматического управления
|
| 942 |
|
|
|c BK
|